[Event "MSRCH16"]
[Site "?"]
[Date "2026.04.12"]
[Round "3.10"]
[White "Bilik, Matej"]
[Black "Tirko, Martin"]
[Result "1-0"]
[BlackElo "1766"]
[WhiteElo "2009"]
[LiveChessVersion "1.4.8"]

1. e4 {[%clk 1:30:59]} c6 {[%clk 1:30:59]} 2. Nf3 {[%clk 1:31:21]} d5
{[%clk 1:31:24]} 3. Nc3 {[%clk 1:31:46]} dxe4 {[%clk 1:31:46]} 4. Nxe4
{[%clk 1:32:07]} Bf5 {[%clk 1:32:10]} 5. Ng3 {[%clk 1:32:28]} Bg6
{[%clk 1:32:39]} 6. h4 {[%clk 1:32:42]} h6 {[%clk 1:33:06]} 7. Ne5
{[%clk 1:32:35]} Bh7 {[%clk 1:30:00]} 8. Qh5 {[%clk 1:32:58]} g6 {[%clk 1:30:08]}
9. Qf3 {[%clk 1:33:22]} Nf6 {[%clk 1:29:59]} 10. Qb3 {[%clk 1:33:41]} Nd5
{[%clk 1:06:23]} 11. Qxb7 {[%clk 1:33:10]} Qc7 {[%clk 1:06:34]} 12. Qxc7
{[%clk 1:22:16]} Nxc7 {[%clk 1:06:57]} 13. Bc4 {[%clk 1:22:25]} e6
{[%clk 1:07:09]} 14. d4 {[%clk 1:20:19]} Bg7 {[%clk 1:04:16]} 15. c3
{[%clk 1:13:39]} O-O {[%clk 1:02:22]} 16. Ng4 {[%clk 1:11:06]} f5
{[%clk 0:54:46]} 17. Nxh6+ {[%clk 0:53:12]} Kh8 {[%clk 0:54:12]} 18. h5
{[%clk 0:50:00]} f4 {[%clk 0:44:32]} 19. Ne2 {[%clk 0:34:15]} g5 {[%clk 0:44:26]}
20. Ng4 {[%clk 0:34:36]} Bf5 {[%clk 0:42:36]} 21. f3 {[%clk 0:34:47]} Nd5
{[%clk 0:42:30]} 22. Kf2 {[%clk 0:31:14]} Nd7 {[%clk 0:42:08]} 23. Bd2
{[%clk 0:30:37]} e5 {[%clk 0:40:33]} 24. h6 {[%clk 0:18:44]} Bf6 {[%clk 0:40:43]}
25. Nxf6 {[%clk 0:18:17]} Rxf6 {[%clk 0:41:09]} 26. g4 {[%clk 0:18:03]} Bh7
{[%clk 0:40:59]} 27. Rae1 {[%clk 0:15:16]} Re8 {[%clk 0:40:43]} 28. Bxd5
{[%clk 0:14:47]} cxd5 {[%clk 0:41:08]} 29. dxe5 {[%clk 0:15:09]} Nxe5
{[%clk 0:41:25]} 30. Nc1 {[%clk 0:15:29]} Rfe6 {[%clk 0:41:13]} 31. Rh5
{[%clk 0:12:46]} Nd3+ {[%clk 0:37:15]} 32. Nxd3 {[%clk 0:13:08]} Bxd3
{[%clk 0:37:38]} 33. Rxe6 {[%clk 0:11:38]} Rxe6 {[%clk 0:37:45]} 34. Rh2
{[%clk 0:11:17]} Re2+ {[%clk 0:34:11]} 35. Kg1 {[%clk 0:11:41]} Rxh2
{[%clk 0:34:22]} 36. Kxh2 {[%clk 0:12:10]} Kh7 {[%clk 0:34:39]} 37. Be1
{[%clk 0:12:33]} Kxh6 {[%clk 0:35:03]} 38. Bf2 {[%clk 0:12:57]} a6
{[%clk 0:35:13]} 39. Bd4 {[%clk 0:13:20]} Kg6 {[%clk 0:35:28]} 40. Kg2
{[%clk 0:13:42]} Kf7 {[%clk 0:34:34]} 41. Kf2 {[%clk 0:13:56]} Ke6
{[%clk 0:34:55]} 42. Ke1 {[%clk 0:14:14]} Bc4 {[%clk 0:32:55]} 43. b3
{[%clk 0:14:28]} Bb5 {[%clk 0:32:40]} 44. Kd2 {[%clk 0:14:49]} Bf1
{[%clk 0:32:23]} 45. a4 {[%clk 0:14:37]} Kf7 {[%clk 0:32:36]} 46. Bb6
{[%clk 0:14:25]} Ke8 {[%clk 0:32:48]} 47. Ba7 {[%clk 0:13:47]} Kf7
{[%clk 0:33:01]} 48. Bc5 {[%clk 0:13:13]} Ke6 {[%clk 0:32:29]} 49. b4
{[%clk 0:13:19]} Bc4 {[%clk 0:32:45]} 50. Bd4 {[%clk 0:13:27]} Bf1
{[%clk 0:32:13]} 51. b5 {[%clk 0:13:21]} axb5 {[%clk 0:26:36]} 52. a5
{[%clk 0:12:41]} b4 {[%clk 0:27:05]} 53. cxb4 {[%clk 0:13:01]} Bb5
{[%clk 0:27:15]} 54. Kc3 {[%clk 0:11:44]} Bc4 {[%clk 0:26:08]} 55. Kd2
{[%clk 0:10:08]} Bb5 {[%clk 0:26:30]} 56. Kc2 {[%clk 0:10:27]} Ke7
{[%clk 0:25:56]} 57. Kc3 {[%clk 0:10:12]} Bc4 {[%clk 0:26:20]} 58. Bc5+
{[%clk 0:10:28]} Ke6 {[%clk 0:26:44]} 59. Kd4 {[%clk 0:10:27]} Bb5
{[%clk 0:26:50]} 60. Bb6 {[%clk 0:10:49]} Kd7 {[%clk 0:16:19]} 61. Ke5
{[%clk 0:09:41]} Be2 {[%clk 0:16:29]} 62. Kf5 {[%clk 0:10:05]} Bxf3
{[%clk 0:16:48]} 63. Kxg5 {[%clk 0:10:30]} Be2 {[%clk 0:16:46]} 64. Kxf4
{[%clk 0:10:52]} Kc6 {[%clk 0:15:52]} 65. Bc5 {[%clk 0:10:16]} Kb5
{[%clk 0:15:59]} 66. g5 {[%clk 0:10:27]} Bd3 {[%clk 0:16:27]} 67. Ke5
{[%clk 0:09:54]} Be4 {[%clk 0:16:55]} 68. Kd4 {[%clk 0:10:02]} Ka6
{[%clk 0:17:05]} 69. Be7 {[%clk 0:10:05]} Kb5 {[%clk 0:17:07]} 70. Bf8
{[%clk 0:10:26]} Kc6 {[%clk 0:17:20]} 71. a6 {[%clk 0:09:09]} Kb6
{[%clk 0:17:48]} 72. b5 {[%clk 0:09:29]} Ka7 {[%clk 0:17:29]} 73. Bc5+
{[%clk 0:09:51]} Ka8 {[%clk 0:17:52]} 74. Ke5 {[%clk 0:10:05]} Bd3
{[%clk 0:14:34]} 75. b6 {[%clk 0:10:25]} Bxa6 {[%clk 0:11:49]} 76. Kxd5
{[%clk 0:10:43]} Bd3 {[%clk 0:11:32]} 77. Ke6 {[%clk 0:11:06]} Kb7
{[%clk 0:11:54]} 78. Kf7 {[%clk 0:11:27]} Kc6 {[%clk 0:12:19]} 79. Bf2
{[%clk 0:11:46]} Kd7 {[%clk 0:12:10]} 80. g6 {[%clk 0:12:00]} Bc4+
{[%clk 0:11:56]} 81. Kf8 {[%clk 0:12:18]} Bd5 {[%clk 0:12:08]} 82. g7
{[%clk 0:12:42]} Be6 {[%clk 0:12:24]} 83. g8=Q {[%clk 0:13:02]} Bxg8
{[%clk 0:12:44]} 84. Kxg8 {[%clk 0:13:28]} Kc6 {[%clk 0:13:03]} 85. Kf7
{[%clk 0:13:50]} Kd7 {[%clk 0:13:31]} 86. Kf6 {[%clk 0:14:07]} Kd6
{[%clk 0:13:45]} 87. Kf5 {[%clk 0:14:30]} Kc6 {[%clk 0:14:02]} 88. Ke6
{[%clk 0:14:52]} 1-0

[Event "MSRCH16"]
[Site "?"]
[Date "2026.04.12"]
[Round "3.11"]
[White "Chmurny, Richard"]
[Black "Boros, David"]
[Result "1/2-1/2"]
[BlackElo "1966"]
[WhiteElo "1734"]
[LiveChessVersion "1.4.8"]

1. d4 {[%clk 1:30:59]} Nf6 {[%clk 1:30:44]} 2. Bf4 {[%clk 1:31:13]} e6
{[%clk 1:28:46]} 3. e3 {[%clk 1:30:57]} b6 {[%clk 1:28:05]} 4. Nf3
{[%clk 1:29:32]} Bb7 {[%clk 1:27:58]} 5. Nbd2 {[%clk 1:27:05]} d5
{[%clk 1:25:04]} 6. c3 {[%clk 1:23:26]} c5 {[%clk 1:18:59]} 7. Bd3
{[%clk 1:20:01]} Nc6 {[%clk 1:15:18]} 8. h3 {[%clk 1:16:11]} Rc8 {[%clk 1:08:43]}
9. O-O {[%clk 1:09:51]} Bd6 {[%clk 1:04:32]} 10. Ne5 {[%clk 1:05:46]} Bxe5
{[%clk 1:02:42]} 11. dxe5 {[%clk 1:04:00]} Nd7 {[%clk 1:02:36]} 12. Qg4
{[%clk 1:03:14]} g6 {[%clk 0:58:27]} 13. Nf3 {[%clk 1:01:48]} Ne7
{[%clk 0:55:05]} 14. Bg5 {[%clk 0:56:13]} Qc7 {[%clk 0:51:46]} 15. Bf4
{[%clk 0:45:37]} Qd8 {[%clk 0:45:19]} 16. Rfd1 {[%clk 0:39:56]} Nf5
{[%clk 0:38:43]} 17. Bxf5 {[%clk 0:37:18]} exf5 {[%clk 0:35:04]} 18. Qg3
{[%clk 0:36:54]} Qe7 {[%clk 0:31:22]} 19. Rd2 {[%clk 0:34:44]} c4
{[%clk 0:24:55]} 20. Bg5 {[%clk 0:31:05]} f6 {[%clk 0:23:30]} 21. Bxf6
{[%clk 0:30:44]} Nxf6 {[%clk 0:23:40]} 22. exf6 {[%clk 0:31:08]} Qxf6
{[%clk 0:23:54]} 23. Nd4 {[%clk 0:27:39]} a6 {[%clk 0:22:12]} 24. Nc2
{[%clk 0:26:57]} a5 {[%clk 0:20:48]} 25. Nd4 {[%clk 0:27:13]} O-O
{[%clk 0:20:48]} 26. Rad1 {[%clk 0:26:45]} Kh8 {[%clk 0:17:37]} 27. Ne2
{[%clk 0:23:53]} g5 {[%clk 0:16:51]} 28. Rd4 {[%clk 0:23:37]} Rce8
{[%clk 0:13:14]} 29. Qf3 {[%clk 0:21:26]} Re4 {[%clk 0:09:21]} 30. Ng3
{[%clk 0:21:10]} Rxd4 {[%clk 0:09:32]} 31. Rxd4 {[%clk 0:21:03]} Bc6
{[%clk 0:08:39]} 32. a3 {[%clk 0:16:18]} Qg6 {[%clk 0:06:15]} 33. Qh5
{[%clk 0:13:56]} Qxh5 {[%clk 0:05:02]} 34. Nxh5 {[%clk 0:14:20]} b5
{[%clk 0:05:19]} 35. h4 {[%clk 0:13:18]} h6 {[%clk 0:04:46]} 36. hxg5
{[%clk 0:12:33]} hxg5 {[%clk 0:05:11]} 37. Ng3 {[%clk 0:12:58]} Kg7
{[%clk 0:05:19]} 38. f3 {[%clk 0:12:10]} Kf6 {[%clk 0:03:47]} 39. e4
{[%clk 0:11:18]} fxe4 {[%clk 0:03:08]} 40. fxe4 {[%clk 0:11:39]} Ke5
{[%clk 0:03:29]} 41. exd5 {[%clk 0:11:46]} Bxd5 {[%clk 0:03:37]} 42. Rg4
{[%clk 0:09:20]} Kf6 {[%clk 0:23:21]} 43. Rd4 {[%clk 0:37:50]} Ke5
{[%clk 0:21:34]} 44. Rg4 {[%clk 0:37:03]} Kf6 {[%clk 0:18:25]} 45. Rd4
{[%clk 0:36:50]} Rd8 {[%clk 0:18:44]} 46. Ne4+ {[%clk 0:32:16]} Ke5
{[%clk 0:17:21]} 47. Ng3 {[%clk 0:31:24]} Re8 {[%clk 0:14:52]} 48. Kf2
{[%clk 0:29:53]} Rf8+ {[%clk 0:14:23]} 49. Kg1 {[%clk 0:28:51]} Rf4
{[%clk 0:13:36]} 50. Rd2 {[%clk 0:27:58]} Rg4 {[%clk 0:11:39]} 51. Nf1
{[%clk 0:27:23]} Re4 {[%clk 0:10:45]} 52. g3 {[%clk 0:24:48]} Kd6
{[%clk 0:10:14]} 53. Kf2 {[%clk 0:24:20]} Kc5 {[%clk 0:05:25]} 54. Ne3
{[%clk 0:23:41]} Re5 {[%clk 0:05:15]} 55. Rxd5+ {[%clk 0:19:25]} Rxd5
{[%clk 0:05:30]} 56. Nxd5 {[%clk 0:19:50]} Kxd5 {[%clk 0:05:55]} 57. Ke3
{[%clk 0:20:16]} Ke5 {[%clk 0:04:34]} 58. g4 {[%clk 0:20:26]} Kd5
{[%clk 0:04:51]} 59. Kf3 {[%clk 0:20:41]} Ke5 {[%clk 0:03:06]} 60. Ke3
{[%clk 0:21:03]} 1/2-1/2

[Event "MSRCH16"]
[Site "?"]
[Date "2026.04.12"]
[Round "3.12"]
[White "Zaborsky, Richard"]
[Black "Mrazik, Lukas"]
[Result "1/2-1/2"]
[BlackElo "1929"]
[WhiteElo "1662"]
[LiveChessVersion "1.4.8"]

1. e4 {[%clk 1:30:55]} c5 {[%clk 1:30:51]} 2. Nf3 {[%clk 1:31:20]} Nc6
{[%clk 1:31:06]} 3. Bb5 {[%clk 1:31:45]} g6 {[%clk 1:31:15]} 4. Bxc6
{[%clk 1:32:08]} bxc6 {[%clk 1:31:35]} 5. O-O {[%clk 1:32:28]} Bg7
{[%clk 1:31:47]} 6. Nc3 {[%clk 1:32:11]} Nf6 {[%clk 1:31:07]} 7. d3
{[%clk 1:32:29]} O-O {[%clk 1:31:19]} 8. Be3 {[%clk 1:32:34]} d6 {[%clk 1:31:12]}
9. h3 {[%clk 1:32:42]} Rb8 {[%clk 1:27:33]} 10. Rb1 {[%clk 1:32:49]} Bd7
{[%clk 1:25:31]} 11. Qd2 {[%clk 1:31:25]} Qc7 {[%clk 1:21:02]} 12. Bh6
{[%clk 1:28:37]} e5 {[%clk 1:14:41]} 13. Bxg7 {[%clk 1:22:52]} Kxg7
{[%clk 1:15:03]} 14. Rfe1 {[%clk 1:19:04]} Nh5 {[%clk 1:08:05]} 15. Ne2
{[%clk 1:13:38]} f5 {[%clk 1:04:20]} 16. exf5 {[%clk 1:11:09]} Rxf5
{[%clk 1:03:58]} 17. Ng3 Nxg3 {[%clk 1:04:02]} 18. fxg3 {[%clk 1:04:36]} Be6
{[%clk 1:02:13]} 19. b3 {[%clk 0:56:04]} Rbf8 {[%clk 1:00:32]} 20. Ng5
{[%clk 0:54:11]} Bd5 {[%clk 0:58:47]} 21. c4 {[%clk 0:49:32]} Rf2
{[%clk 0:31:55]} 22. Qxf2 {[%clk 0:43:04]} Rxf2 {[%clk 0:32:06]} 23. Kxf2
{[%clk 0:42:42]} h6 {[%clk 0:31:12]} 24. Ne4 {[%clk 0:42:03]} Bxe4
{[%clk 0:26:41]} 25. dxe4 {[%clk 0:41:25]} Qa5 {[%clk 0:26:11]} 26. Re2
{[%clk 0:39:50]} Kf6 {[%clk 0:26:02]} 27. Rd1 {[%clk 0:39:15]} Ke7
{[%clk 0:24:14]} 28. Red2 {[%clk 0:37:49]} h5 {[%clk 0:18:55]} 29. h4
{[%clk 0:34:39]} Qa3 {[%clk 0:18:31]} 30. Kg1 {[%clk 0:34:37]} a5
{[%clk 0:18:05]} 31. Kh2 {[%clk 0:28:00]} a4 {[%clk 0:17:22]} 32. Rb1
{[%clk 0:22:10]} Qb4 {[%clk 0:16:48]} 33. Rbb2 {[%clk 0:15:38]} axb3
{[%clk 0:15:00]} 34. axb3 {[%clk 0:15:58]} Qc3 {[%clk 0:15:23]} 35. Rf2
{[%clk 0:11:45]} Ke6 {[%clk 0:13:32]} 1/2-1/2

[Event "MSRCH16"]
[Site "?"]
[Date "2026.04.12"]
[Round "3.13"]
[White "Simonov, Tobias"]
[Black "Livnansky, Michal"]
[Result "1/2-1/2"]
[BlackElo "1910"]
[WhiteElo "1708"]
[LiveChessVersion "1.4.8"]

1. e4 c5 2. Nf3 Nc6 3. Nc3 g6 4. d4 cxd4 5. Nxd4 Bg7 6. Be3 Nf6 7. Qd2 Qa5 8. Nb3
Qd8 9. Be2 O-O 10. O-O-O d6 11. f3 Be6 12. g4 Ne5 13. h4 Nc4 14. Bxc4 Bxc4 15.
Rdg1 b5 16. h5 a5 17. hxg6 fxg6 18. Bh6 Rf7 19. Bxg7 Rxg7 20. g5 Nd7 21. Nd4 b4
22. Nd5 Nc5 23. b3 Bxd5 24. exd5 Qc8 25. Re1 Qb7 26. Ne6 Nxe6 27. Rxe6 a4 28. Re4
axb3 29. cxb3 Rc8+ 30. Rc4 Rxc4+ 31. bxc4 Rf7 32. Qe2 Qa6 33. Rf1 Qa3+ 34. Kb1
Qc3 35. Qc2 Qd4 36. Qe2 Kf8 37. Rd1 Qc3 38. Qb2 Rxf3 39. Qxc3 Rxc3 40. Rg1 Rxc4
41. Kb2 Rd4 42. Kb3 Kf7 43. Rh1 Kg7 44. Re1 Kf7 45. Rh1 Rxd5 46. Rxh7+ Ke8 47.
Kxb4 Rxg5 48. a4 Rh5 49. Rg7 g5 50. Rg8+ Kf7 51. Rc8 g4 52. a5 g3 53. Rc1 Ke6 54.
a6 Kd7 55. a7 Rh8 56. Ka5 e5 57. Ka6 d5 58. Kb7 g2 59. a8=Q Rxa8 60. Kxa8 e4 61.
Rg1 d4 62. Rxg2 e3 63. Rg4 Ke6 64. Rxd4 Ke5 65. Ra4 1/2-1/2

[Event "MSRCH16"]
[Site "?"]
[Date "2026.04.12"]
[Round "3.14"]
[White "Binovec, Lukas"]
[Black "Stolar, Matus"]
[Result "1-0"]
[BlackElo "1688"]
[WhiteElo "1858"]
[LiveChessVersion "1.4.8"]

1. c4 {[%clk 1:30:59]} e5 {[%clk 1:30:16]} 2. Nc3 {[%clk 1:31:23]} Nf6
{[%clk 1:29:59]} 3. g3 {[%clk 1:31:45]} d5 {[%clk 1:20:31]} 4. cxd5
{[%clk 1:30:21]} Nxd5 {[%clk 1:20:36]} 5. Bg2 {[%clk 1:30:43]} Nxc3
{[%clk 1:14:59]} 6. bxc3 {[%clk 1:29:39]} c6 {[%clk 1:11:45]} 7. d3
{[%clk 1:28:28]} Be6 {[%clk 1:08:43]} 8. Nf3 {[%clk 1:26:34]} f6 {[%clk 1:07:14]}
9. O-O {[%clk 1:26:15]} Bd6 {[%clk 1:06:08]} 10. Qc2 {[%clk 1:23:46]} O-O
{[%clk 1:05:45]} 11. Be3 {[%clk 1:17:35]} Nd7 {[%clk 1:05:27]} 12. Rfb1
{[%clk 1:15:20]} Qc7 {[%clk 1:03:18]} 13. a4 {[%clk 1:10:48]} a5 {[%clk 0:59:02]}
14. d4 {[%clk 0:48:29]} Rfb8 {[%clk 0:34:37]} 15. Qd3 {[%clk 0:24:36]} Bd5
{[%clk 0:23:31]} 16. dxe5 {[%clk 0:20:36]} Nxe5 {[%clk 0:20:13]} 17. Nxe5
{[%clk 0:20:30]} Bxg2 {[%clk 0:19:00]} 18. Nc4 {[%clk 0:14:01]} Bd5
{[%clk 0:12:57]} 19. Nxd6 {[%clk 0:14:13]} Qe7 {[%clk 0:04:13]} 20. c4
{[%clk 0:08:30]} Be6 {[%clk 0:04:00]} 21. c5 {[%clk 0:08:23]} Rd8
{[%clk 0:03:33]} 22. Rxb7 {[%clk 0:05:41]} Qxb7 {[%clk 0:02:55]} 23. Nxb7
{[%clk 0:06:06]} Rxd3 {[%clk 0:03:21]} 24. exd3 {[%clk 0:06:31]} Ra7
{[%clk 0:03:19]} 25. Nd6 {[%clk 0:06:51]} g5 {[%clk 0:03:29]} 26. Rb1
{[%clk 0:06:23]} Ra8 {[%clk 0:03:19]} 27. Rb7 {[%clk 0:05:16]} h5
{[%clk 0:03:44]} 28. Bd4 {[%clk 0:03:55]} h4 {[%clk 0:03:30]} 29. gxh4
{[%clk 0:02:50]} gxh4 {[%clk 0:03:37]} 30. Bxf6 {[%clk 0:03:12]} h3
{[%clk 0:03:55]} 31. f4 {[%clk 0:03:17]} Rf8 {[%clk 0:03:43]} 32. Be5
{[%clk 0:03:12]} Bd5 {[%clk 0:03:57]} 33. Rg7+ {[%clk 0:02:40]} 1-0

[Event "MSRCH16"]
[Site "?"]
[Date "2026.04.12"]
[Round "3.15"]
[White "Hudak, Michal"]
[Black "Bebko, Alex"]
[Result "1-0"]
[BlackElo "1641"]
[WhiteElo "1804"]
[LiveChessVersion "1.4.8"]

1. d4 {[%clk 1:30:47]} Nf6 {[%clk 1:30:55]} 2. Nf3 {[%clk 1:31:06]} d5
{[%clk 1:31:19]} 3. e3 {[%clk 1:31:24]} Bf5 {[%clk 1:31:42]} 4. Bd3
{[%clk 1:31:30]} Bxd3 {[%clk 1:31:51]} 5. Qxd3 {[%clk 1:31:47]} Nbd7
{[%clk 1:32:05]} 6. O-O {[%clk 1:32:10]} e6 {[%clk 1:32:25]} 7. Nbd2
{[%clk 1:31:47]} Be7 {[%clk 1:32:33]} 8. b3 {[%clk 1:30:50]} O-O {[%clk 1:32:49]}
9. Bb2 {[%clk 1:31:11]} a5 {[%clk 1:26:45]} 10. c4 {[%clk 1:26:26]} c6
{[%clk 1:26:08]} 11. c5 {[%clk 1:25:38]} b6 {[%clk 1:22:34]} 12. cxb6
{[%clk 1:22:22]} Qxb6 {[%clk 1:22:23]} 13. Bc3 {[%clk 1:02:02]} c5
{[%clk 1:08:26]} 14. Rfc1 {[%clk 0:46:32]} Rfc8 {[%clk 1:06:40]} 15. Rc2
{[%clk 0:45:39]} cxd4 {[%clk 0:55:47]} 16. Bxd4 {[%clk 0:39:24]} Bc5
{[%clk 0:47:55]} 17. Rac1 {[%clk 0:38:30]} Rc7 {[%clk 0:47:31]} 18. Rc3
{[%clk 0:17:00]} Rac8 {[%clk 0:39:57]} 19. Qc2 {[%clk 0:16:59]} Qb5
{[%clk 0:38:22]} 20. a4 {[%clk 0:06:15]} Qb4 {[%clk 0:36:05]} 21. Ne5
{[%clk 0:06:29]} Bxd4 {[%clk 0:27:09]} 22. Rxc7 {[%clk 0:06:37]} Rxc7
{[%clk 0:27:25]} 23. Qxc7 {[%clk 0:07:01]} Bxe5 {[%clk 0:27:42]} 24. Qd8+
{[%clk 0:06:05]} Nf8 {[%clk 0:27:48]} 25. Nf3 {[%clk 0:04:45]} N6d7
{[%clk 0:22:29]} 26. Rc8 {[%clk 0:03:59]} Bf6 {[%clk 0:21:33]} 27. Qxd7
{[%clk 0:04:13]} Qxb3 {[%clk 0:19:48]} 28. g3 {[%clk 0:04:14]} Qb1+
{[%clk 0:15:55]} 29. Kg2 {[%clk 0:04:39]} g5 {[%clk 0:15:08]} 30. Qe8
{[%clk 0:03:19]} Bg7 {[%clk 0:11:30]} 31. Nxg5 {[%clk 0:02:53]} Qf5
{[%clk 0:11:13]} 32. Nf3 {[%clk 0:02:49]} e5 {[%clk 0:11:24]} 33. Rb8
{[%clk 0:01:54]} h6 {[%clk 0:08:44]} 34. Qc8 {[%clk 0:02:21]} Qe4
{[%clk 0:05:44]} 35. Qc7 {[%clk 0:01:38]} Qxa4 {[%clk 0:03:59]} 36. Rb7
{[%clk 0:01:14]} Qe8 {[%clk 0:03:21]} 37. Qxa5 {[%clk 0:01:37]} Qe6
{[%clk 0:03:01]} 38. Rb6 {[%clk 0:01:21]} Qd7 {[%clk 0:03:05]} 39. Qb5
{[%clk 0:01:41]} f6 {[%clk 0:01:27]} 40. Rb7 {[%clk 0:01:57]} Qd8
{[%clk 0:01:02]} 41. Nh4 {[%clk 0:00:32]} d4 {[%clk 0:28:00]} 42. Nf5
{[%clk 0:27:50]} d3 {[%clk 0:26:46]} 43. Rxg7+ {[%clk 0:27:52]} Kh8
{[%clk 0:27:08]} 44. Qb7 {[%clk 0:27:36]} 1-0

[Event "MSRCH16"]
[Site "?"]
[Date "2026.04.12"]
[Round "3.16"]
[White "Artner, Jakub"]
[Black "Jokai, Bence"]
[Result "1/2-1/2"]
[BlackElo "1788"]
[WhiteElo "1629"]
[LiveChessVersion "1.4.8"]

1. d4 {[%clk 1:30:58]} d5 {[%clk 1:30:53]} 2. c4 {[%clk 1:31:25]} e6
{[%clk 1:31:14]} 3. Nf3 {[%clk 1:31:46]} Nf6 {[%clk 1:31:36]} 4. g3
{[%clk 1:32:02]} Be7 {[%clk 1:29:07]} 5. Bg2 {[%clk 1:31:42]} O-O
{[%clk 1:28:12]} 6. Bg5 {[%clk 1:31:32]} Nbd7 {[%clk 1:28:17]} 7. O-O
{[%clk 1:31:39]} Rb8 {[%clk 1:28:19]} 8. Nbd2 {[%clk 1:26:37]} b6
{[%clk 1:26:21]} 9. Bxf6 {[%clk 1:21:09]} Nxf6 {[%clk 1:26:06]} 10. Qc2
{[%clk 1:20:22]} Bb7 {[%clk 1:25:40]} 11. e3 {[%clk 1:16:23]} c5 {[%clk 1:21:55]}
12. Rfd1 {[%clk 1:08:47]} Qc7 {[%clk 1:17:58]} 13. Rac1 {[%clk 1:02:59]} Rfd8
{[%clk 1:16:00]} 14. b3 {[%clk 0:59:36]} Bd6 {[%clk 1:13:20]} 15. Qb2
{[%clk 0:56:28]} Qe7 {[%clk 1:12:30]} 16. Qc2 {[%clk 0:53:32]} a6
{[%clk 1:06:45]} 17. dxc5 {[%clk 0:46:15]} Bxc5 {[%clk 1:05:51]} 18. Ne5
{[%clk 0:41:17]} Nd7 {[%clk 1:01:31]} 19. Nxd7 {[%clk 0:36:29]} Rxd7
{[%clk 1:01:44]} 20. cxd5 {[%clk 0:32:43]} Bxd5 {[%clk 1:01:11]} 21. Bxd5
{[%clk 0:32:47]} Rxd5 {[%clk 1:01:33]} 22. Nc4 {[%clk 0:30:57]} Rbd8
{[%clk 0:57:11]} 23. Rxd5 {[%clk 0:28:54]} exd5 {[%clk 0:56:28]} 24. Nb2
{[%clk 0:25:01]} h6 {[%clk 0:56:16]} 25. Na4 {[%clk 0:23:55]} a5 {[%clk 0:53:37]}
26. Qd3 {[%clk 0:19:14]} d4 {[%clk 0:49:58]} 27. Nxc5 {[%clk 0:18:03]} bxc5
{[%clk 0:50:17]} 28. exd4 {[%clk 0:17:01]} cxd4 {[%clk 0:50:37]} 29. Rc4
{[%clk 0:16:13]} Qe1+ {[%clk 0:49:24]} 30. Kg2 {[%clk 0:16:23]} Qa1
{[%clk 0:49:25]} 31. Rc2 {[%clk 0:15:56]} g6 {[%clk 0:45:46]} 32. a4
{[%clk 0:10:44]} h5 {[%clk 0:42:29]} 33. h4 {[%clk 0:08:45]} Qe1 {[%clk 0:38:02]}
34. Rc4 {[%clk 0:07:51]} Qe5 {[%clk 0:35:57]} 35. Rc2 {[%clk 0:06:46]} f5
{[%clk 0:34:53]} 36. Qc4+ {[%clk 0:03:36]} Qd5+ {[%clk 0:34:57]} 37. Qxd5+
{[%clk 0:03:40]} Rxd5 {[%clk 0:35:21]} 38. Rd2 {[%clk 0:03:40]} Kf7
{[%clk 0:35:30]} 39. Kf3 {[%clk 0:03:29]} Ke6 {[%clk 0:35:44]} 40. Kf4
{[%clk 0:03:01]} Rd6 {[%clk 0:32:59]} 41. Kf3 {[%clk 0:01:26]} 1/2-1/2

[Event "MSRCH16"]
[Site "?"]
[Date "2026.04.12"]
[Round "3.17"]
[White "Brand, Filip"]
[Black "Kis, Arnold"]
[Result "1-0"]
[BlackElo "1619"]
[WhiteElo "1777"]
[LiveChessVersion "1.4.8"]

1. d4 {[%clk 1:30:41]} Nf6 {[%clk 1:30:56]} 2. Nc3 {[%clk 1:30:57]} d5
{[%clk 1:31:06]} 3. Bf4 {[%clk 1:31:16]} a6 {[%clk 1:26:18]} 4. e3
{[%clk 1:31:23]} Bf5 {[%clk 1:26:31]} 5. Nf3 {[%clk 1:31:40]} e6 {[%clk 1:25:02]}
6. Ne5 {[%clk 1:31:49]} Nbd7 {[%clk 1:25:15]} 7. g4 {[%clk 1:31:43]} Be4
{[%clk 1:21:54]} 8. f3 {[%clk 1:31:49]} Nxe5 {[%clk 1:20:08]} 9. dxe5
{[%clk 1:31:45]} Nd7 {[%clk 1:07:36]} 10. fxe4 {[%clk 1:32:01]} c6
{[%clk 1:07:30]} 11. h4 {[%clk 1:30:05]} Bc5 {[%clk 1:07:46]} 12. Qd2
{[%clk 1:30:09]} f6 {[%clk 1:06:23]} 13. exd5 {[%clk 1:29:16]} cxd5
{[%clk 1:06:31]} 14. exf6 {[%clk 1:28:57]} Qxf6 {[%clk 1:04:39]} 15. g5
{[%clk 1:26:42]} Qf7 {[%clk 1:03:20]} 16. Bg2 {[%clk 1:22:32]} Nb6
{[%clk 1:02:24]} 17. O-O-O {[%clk 1:21:22]} Nc4 {[%clk 1:00:55]} 18. Qe2
{[%clk 1:21:33]} b5 {[%clk 1:00:56]} 19. Nxd5 {[%clk 1:15:51]} Ra7
{[%clk 0:57:45]} 20. b4 {[%clk 1:06:32]} exd5 {[%clk 0:54:53]} 21. bxc5
{[%clk 1:06:51]} Qe7 {[%clk 0:53:54]} 22. Rxd5 {[%clk 1:04:09]} O-O
{[%clk 0:52:27]} 23. Bd6 {[%clk 1:03:03]} Nxd6 {[%clk 0:51:39]} 24. cxd6
{[%clk 1:03:25]} 1-0

[Event "MSRCH16"]
[Site "?"]
[Date "2026.04.12"]
[Round "3.18"]
[White "Nevicky, Nikola"]
[Black "Simko, Stefan"]
[Result "1-0"]
[BlackElo "1700"]
[WhiteElo "1974"]
[LiveChessVersion "1.4.8"]

1. c4 {[%clk 1:30:56]} c5 {[%clk 1:30:56]} 2. g3 {[%clk 1:31:20]} g6
{[%clk 1:31:14]} 3. Bg2 {[%clk 1:31:20]} Bg7 {[%clk 1:31:28]} 4. Nc3
{[%clk 1:30:15]} Nc6 {[%clk 1:31:39]} 5. e3 {[%clk 1:28:20]} d6 {[%clk 1:29:37]}
6. Nge2 {[%clk 1:27:49]} Nf6 {[%clk 1:28:36]} 7. O-O {[%clk 1:27:40]} Be6
{[%clk 1:27:04]} 8. b3 {[%clk 1:27:20]} Nh5 {[%clk 1:24:01]} 9. Bb2
{[%clk 1:24:33]} Qd7 {[%clk 1:22:36]} 10. d4 {[%clk 1:24:03]} cxd4
{[%clk 1:15:50]} 11. exd4 {[%clk 1:24:18]} Bf5 {[%clk 1:11:51]} 12. a3
{[%clk 1:16:17]} Bh3 {[%clk 1:05:42]} 13. d5 {[%clk 1:11:32]} Na5
{[%clk 1:04:43]} 14. Na4 {[%clk 1:10:13]} Bxg2 {[%clk 0:57:05]} 15. Kxg2
{[%clk 1:10:30]} b5 {[%clk 0:50:27]} 16. Bxg7 {[%clk 1:02:54]} Nxg7
{[%clk 0:50:11]} 17. Nb2 {[%clk 1:03:03]} Rc8 {[%clk 0:47:48]} 18. Rc1
{[%clk 1:02:25]} O-O {[%clk 0:43:32]} 19. Nd4 {[%clk 1:00:59]} a6
{[%clk 0:39:49]} 20. Qd2 {[%clk 0:56:07]} Nb7 {[%clk 0:19:16]} 21. cxb5
{[%clk 0:55:58]} axb5 {[%clk 0:17:05]} 22. Rc6 {[%clk 0:54:18]} Nc5
{[%clk 0:14:05]} 23. b4 {[%clk 0:51:51]} Na4 {[%clk 0:10:24]} 24. Rfc1
{[%clk 0:51:21]} Qb7 {[%clk 0:06:47]} 25. Rxc8 {[%clk 0:50:11]} Rxc8
{[%clk 0:06:50]} 26. Rxc8+ {[%clk 0:50:29]} Qxc8 {[%clk 0:07:06]} 27. Nxb5
{[%clk 0:49:39]} Nxb2 {[%clk 0:07:26]} 28. Qxb2 {[%clk 0:47:16]} Qb7
{[%clk 0:03:54]} 29. Nc3 {[%clk 0:47:38]} e6 {[%clk 0:04:10]} 30. Qd2
{[%clk 0:44:09]} Ne8 {[%clk 0:04:24]} 31. Kg1 {[%clk 0:44:17]} Qa6
{[%clk 0:02:35]} 32. a4 {[%clk 0:44:24]} Nc7 {[%clk 0:02:07]} 33. b5
{[%clk 0:44:22]} Qa5 {[%clk 0:02:23]} 34. Qd4 {[%clk 0:43:58]} Nxd5
{[%clk 0:02:05]} 35. Nxd5 {[%clk 0:44:06]} exd5 {[%clk 0:02:28]} 36. b6
{[%clk 0:43:42]} Qa8 {[%clk 0:02:20]} 37. Qb4 {[%clk 0:43:41]} Qb8
{[%clk 0:01:57]} 38. a5 {[%clk 0:44:00]} Kf8 {[%clk 0:02:07]} 39. a6
{[%clk 0:43:49]} d4 {[%clk 0:01:11]} 40. Qxd4 {[%clk 0:43:45]} Ke7
{[%clk 0:01:11]} 41. Qe4+ {[%clk 0:43:15]} Kd7 {[%clk 0:00:49]} 42. Qb7+
{[%clk 0:43:29]} 1-0